[Event "FRA-chT3 Gr5 0203"]
[Site "France"]
[Date "2002.11.16"]
[Round "2"]
[White "Tison, Julien"]
[Black "Robveille, Laurent"]
[Result "1-0"]
[WhiteElo "1680"]
[BlackElo "2053"]
[PlyCount "57"]
[EventDate "2002.12.09"]
[EventType "team"]
[EventRounds "9"]
[EventCountry "FRA"]
[SourceTitle "EXT 2004"]
[Source "ChessBase"]
[SourceDate "2003.11.25"]
[SourceVersion "1"]
[SourceVersionDate "2003.11.25"]
[SourceQuality "1"]

1. e4 d5 2. exd5 Qxd5 3. Nc3 Qa5 4. d4 Nf6 5. Bd2 Nc6 6. Nf3 Bg4 7. Bc4 Qh5 8. Be3 0-0-0 9. h3 Nxd4 10. Bxd4 e5 11. Bxf7 g6 12. Be6+ Bxe6 13. Nxe5 Qh4 14. Nf3 Qf4 15. Qe2 Bd7 16. Be5 Qf5 17. Qc4 Bc6 18. Nb5 Bd6 19. Nxa7+ Kb8 20. Nxc6+ bxc6 21. Bxd6 Rxd6 22. 0-0 Rhd8 23. Rfe1 Rd5 24. c3 c5 25. Qb5+ Kc8 26. a4 Ne4 27. a5 Nd6 28. Qc6 c4 29. Re7 1-0